| 000 | 00385nam a2200145 a 4500 | ||
|---|---|---|---|
| 005 | 20140414093846.0 | ||
| 008 | 091124s19uu xx 00 eng d | ||
| 050 |
_aCDB 930 _bANC [n.d.] |
||
| 100 | _aTames, Richard | ||
| 245 |
_aAncient world / _cRichard Tames. |
||
| 260 |
_aNew Delhi : _bYoung Learner Publications. |
||
| 650 | _aAncient world. | ||
| 942 | _cAVM | ||
| 999 |
_c109581 _d109581 |
||